Os 30 anos do cd̤igo de defesa do consumidor

Detalles Bibliográficos
Autor principal: Almeida Breseghello, Fabo̕la Meira de
Otros Autores: Brito Filomeno, Jos ̌Geraldo
Formato: eBook
Lenguaje:portugués
Publicado: Indaiatuba: Editora Foco, 2021
Materias:
Acceso en línea:Acceso restringido

MARC

LEADER 00000nam a22000007a 4500
005 20211215225221.0
007 cr|||| ||||
008 211215s2021 br |||||s|||| 00||0 por d
020 |a 978-65-5515-142-8 
035 |a 35497 
040 |a vLex 
090 |c 12728  |d 12728 
100 1 |a Almeida Breseghello, Fabo̕la Meira de 
245 1 2 |a Os 30 anos do cd̤igo de defesa do consumidor  |h [Recurso electrn̤ico] /  |c Fabo̕la Meira de Almeida Breseghello, Jos ̌Geraldo Brito Filomeno 
256 |a Servicio en ln̕ea 
260 |a Indaiatuba:  |b Editora Foco,  |c 2021 
300 |a 1 recurso electrn̤ico 
500 |a “No que concerne a um balanȯ de aplicaȯ̂ do cd̤igo, o prp̤rio tt̕ulo deste artigo ̌elucidador: cuida-se de uma lei que j ̀conta com 30 anos de existn̊cia, mas que certamente ainda necessita de muito amadurecimento. E esse amadurecimento depende, em grande parte da educaȯ̂ formal e informal dos prp̤rios consumidores (i.e., desde a tenra idade escolar com noė̳s de cidadania-consumidor-ambiente, at ̌o ensino universitr̀io, e das atividades informativas dos r̤gôs pb︢licos, entidades nô governamentais de direitos do consumidor e, igualmente, dos r̤gôs de comunicaȯ̂ social). Igualmente ̌essencial a educaȯ̂ e informaȯ̂ dos fornecedores de modo geral, mediante o incremento dos bons serviȯs de atendimento ao consumidor, aprimoramento das tčnicas de qualidade de produtos e na prestaȯ̂ de serviȯs, sobretudo, prevenȯ̂ de acidentes de consumo pelo recall e outros instrumentos disponv̕eis). Parece-nos, outrossim, fundamental a desjudicializaȯ̂ dos conflitos entre consumidores e fornecedores – hoje contam-se aos milhe̳s pas̕ afora –, por meio de meios eficazes de sua resoluȯ̂ – pelo efetivo atendimento pelas prp̤rias empresas, mediaȯ̂ e conciliaȯ̂ informal. Nesse sentido afigura-se fundamental, mais do que nunca, a atuaȯ̂ dos Serviȯs de Atendimento ao Consumidor (SAC's) e Ouvidorias das empresas, destacando-se os ingentes esforȯs da patrocinadora desta obra coletiva a ABRAREC – Associaȯ̂ Brasileira de Relacionamento Empresa-Cliente, no sentido de estimul-̀las a atuarem cada vez eficiente e eficazmente. E, finalmente, incumbe s̉ autoridades federais, estaduais e municipais, estabelecerem instrumentos eficazes de fiscalizaȯ̂ do mercado de consumo, sobretudo, as agn̊cias reguladoras, j ̀que um dos objetivos de sua existn̊cia ̌precisamente o atendimento dos usur̀ios dos serviȯs pb︢licos essenciais. Enfim: o cd̤igo existe h ̀30 anos, est ̀em vigor efetivo h ̀29. E nesse tempo houve melhorias, sem dv︢ida, no mercado, mas muita coisa ainda h ̀por ser feita, principalmente, no que diz respeito ̉atuaȯ̂ dos chamados instrumentos de efetividade da polt̕ica nacional de relaė̳s de consumo, a ̕includ̕os, alm̌ dos r̤gôs precp̕uos de defesa ou direito do consumidor (como o DPDC – Departamento de Proteȯ̂ e Defesa do Consumidor, os PROCON's) e os nô governamentais (como o IDEC e o PROTESTE, e o CONAR, por exemplo), as Promotorias de Justiȧ do Consumidor, os Juizados Especiais Cv̕eis, as Varas Especializadas em Direitos e Interesses Difusos e Coletivos, as Polc̕ias Especializadas, enfim, todo o arcabouȯ existente na tutela, afinal de contas do consumidor: na verdade todos ns̤, sem exceȯ̂”. Trecho do prefc̀io de Jos ̌Geraldo Brito Filomeno Vice-Presidente e Relator-Geral da Comissô elaboradora do Anteprojeto do Cd̤igo de Defesa do Consumidor e membro do Conselho Consultivo da ABRAREC. 
506 1 |a Disponible solo en los productos indicados  |d vLex Global  |d vLex Global (Academic Edition, excluding Law Schools)  |d vLex Global (U.S. Academic Edition, Law Schools)  |d vLex Global (U.S. Academic Edition, excluding Law Schools)  |d vLex Global (Academic Edition, Law Schools) 
650 0 4 |a Consumidores Usuarios  |z Brasil 
700 1 |a Brito Filomeno, Jos ̌Geraldo 
740 0 |a vLex Libros (Servicio en ln̕ea) 
856 4 0 |u https://app.vlex.com/#/sources/35497  |z Acceso restringido 
942 |c BOOK 
999 0 |a Consumers Users